000 00641nam a22002057a 4500
005 20150515121754.0
010 _aENG-112315
020 _a9781138822405
_c795.00
035 _aEN-95847
037 _bDBAD/PUB
082 _a327.17
245 _aPolitics and cosmopolitanism in a global age /
_cedited by Sonika Gupta [and] Sudarsan Padmanabhan
260 _aNew Delhi
_bRoutledge
_c2015
270 _a912,Tolstoy House, 15-17 Tolstoy Marg, Connaught Place
_bNew Delhi
_e110001
300 _ax,276p.
_c22cm(Hb)
500 _aIncludes index
700 _aGupta, Sonika
700 _aPadmanabhan, Sudarsan
942 _2ddc
_cEN
_mPOL
_k327.17
999 _c91998
_d91998